Norbert Elias : Distinction, conscience et violence (notice n° 1568688)
[ vue normale ]
| 000 -LEADER | |
|---|---|
| fixed length control field | 01473cam a2200133 4500500 |
| 005 - DATE AND TIME OF LATEST TRANSACTION | |
| control field | 20251214005131.0 |
| 041 ## - LANGUAGE CODE | |
| Language code of text/sound track or separate title | fre |
| 042 ## - AUTHENTICATION CODE | |
| Authentication code | dc |
| 100 10 - MAIN ENTRY--PERSONAL NAME | |
| Personal name | Delzescaux, Sabine |
| Relator term | author |
| 245 00 - TITLE STATEMENT | |
| Title | Norbert Elias : Distinction, conscience et violence |
| 260 ## - PUBLICATION, DISTRIBUTION, ETC. | |
| Name of publisher, distributor, etc. | Armand Colin,<br/> |
| Date of publication, distribution, etc. | 2016.<br/> |
| 520 ## - SUMMARY, ETC. | |
| Summary, etc. | Ce livre renouvelle notre regard sur Norbert Elias ( 1897-1990), en le replaçant dans son contexte scientifique, historique, mais aussi biographique. Hanté par le spectre de la Première Guerre mondiale qui l’a profondément et durablement marqué, l’homme, réfugié à Londres en 1935, n’a qu’une certitude : à la violence et à ses formes multiples peut – et doit selon lui – être opposée la raison savante, raison que la sociologie processuelle qu’il développe a vocation d’incarner. Elias ambitionne de bâtir un nouveau modèle en science sociale, attentif aux apports de la biologie, de l’histoire, de l’anthropologie, de la psychanalyse. Ce livre présente la richesse, l’ampleur, l’unité du projet scientifique du sociologue. En étudiant le processus séculaire de formation des autocontraintes au cœur du processus de civilisation, il offre une compréhension de ce processus qui s’avère d’autant plus impérative que la conscience qui émerge en son sein n’est jamais à l’abri d’un retour de la violence. |
| 856 41 - ELECTRONIC LOCATION AND ACCESS | |
| Uniform Resource Identifier | <a href="https://shs.cairn.info/norbert-elias--9782200281182?lang=fr&redirect-ssocas=7080">https://shs.cairn.info/norbert-elias--9782200281182?lang=fr&redirect-ssocas=7080</a> |
Pas d'exemplaire disponible.




Réseaux sociaux